000 00485nmm a2200169Ia 4500
008 251105s9999||||xx |||||||||||||||||und||
020 _a9788499213965
041 _aspa
100 _aGarcia Debesa, Dolors
245 0 _aEl yoga en la escuela : un aprendizaje para la vida
264 _a[Madrid, España] :
_bOctaedro,
_c2013
300 _a206 páginas
490 _aCon vivencias
650 _aEducation
856 _uhttps://public.digitaliapublishing.com/a/30521
942 _cCF
999 _c92504
_d92504